000 00268nam a22001217a 4500
008 180126b xxu||||| |||| 00| 0 eng d
041 _aeng
080 _a34
100 _a14
101 _aJUR
245 _aSEXUAL ORIENTAL AND THE LAW
_cKAREN.M
942 _2udc
_cBK
999 _c41035
_d41035